Statistics for Olympic Cities 1896-2020

Click here to take the quiz!

General Stats

  • This quiz has been taken 202 times
  • The average score is 22 of 29

Answer Stats

yearcity% Correct
1896Athens
96%
2012London
93%
2004Athens
89%
2008Beijing
89%
2016Rio de Janeiro
88%
2000Sydney
87%
1996Atlanta
85%
1992Barcelona
85%
1900Paris
84%
1936Berlin
81%
1984Los Angeles
80%
1980Moscow
80%
1988Seoul
79%
1972Munich
77%
2020Tokyo
75%
1908London
72%
1968Mexico City
71%
1976Montréal
71%
1960Rome
68%
1948London
67%
1964Tokyo
65%
1904St Louis
64%
1952Helsinki
63%
1956Melbourne
61%
1920Antwerp
60%
1924Paris
58%
1932Los Angeles
57%
1912Stockholm
56%
1928Amsterdam
52%

Score Distribution

Percentile by Number Answered

Percent of People with Each Score

Your Score History

You have not taken this quiz